De Caliclés a Trajano: estudios sobre historia política del mundo antiguo

Gespeichert in:
Bibliographische Detailangaben
1. Verfasser: Montero Díaz, Santiago (autor)
Format: Buch
Sprache:Spanisch
Veröffentlicht: Madrid, España Instituto de Estudios Políticos 1948
Schlagworte:
Tags: Tag hinzufügen
Keine Tags, Fügen Sie den ersten Tag hinzu!

MARC

LEADER 00000nam a2200000 a 4500
001 UCP9739
003 CL-VaPUC
005 20220307123004.0
008 000331e19480000SP |||||||||||||||||spa|d
999 |c 286525  |d 286523 
040 |c Pontificia Universidad Católica de Valparaíso 
082 0 4 |a 930 MON 1948  |2 21 
100 |a Montero Díaz, Santiago  |e autor  |9 440510 
245 1 0 |a De Caliclés a Trajano:  |b  estudios sobre historia política del mundo antiguo 
260 |a Madrid, España  |b Instituto de Estudios Políticos  |c 1948 
300 |a 204 páginas 
583 |a last modification  |c 20000331 00:00:00  |k Rodrigo Vera 
600 0 7 |a TRAJANO  |2 CL-VaPUC  |9 314053 
600 0 7 |a FILIPO V  |2 CL-VaPUC  |9 440511 
600 0 7 |a CALICLES  |2 CL-VaPUC  |9 440512 
650 0 |a Historia antigua  |9 267521 
650 0 |a Historia política  |9 256974 
650 0 |a Historiografía   |9 257871 
650 7 |a IMPERIO MACEDONIO  |2 CL-VaPUC  |9 440514 
650 7 |a POLIS  |2 CL-VaPUC  |9 399031 
651 0 |a Grecia  |9 265314 
651 0 |a Roma   |9 255106 
942 |c BK  |2 ddc 
945 |d 20000331 00:00:00  |a rherrera 
952 |0 0  |1 0  |2 ddc  |4 0  |6 930_000000000000000_MON_1948  |7 0  |8 X  |9 332511  |a BIBHIS  |b BIBHIS  |d 2019-11-20  |i 1261452  |o 930 MON 1948  |p 1261452  |r 2024-01-30  |t 1  |w 2019-11-20  |y BK_X  |k HIS